Piešťany orientačný plán /
| Korporativní autor: | Slovenská kartografia |
|---|---|
| Další autoři: | Gogová, Mária, Sopková, Zlatica, Hudáňová, Helena, Absolon, Ľudovít, 1909-1988, Jurisa, Eugen |
| Jazyk: | Ruština Němčina Slovenština Angličtina |
| Vydáno: |
Bratislava : Slovenská kartografia, 1974 |
| Vydání: | 1. vyd. |
| Témata: | |
| Fyzický popis: |
1 mapa : barev. ; 45 x 63 cm, složeno na 23 x 11 cm |
| Language note: |
Souběžný slovenský, ruský, anglický a německý text |
| LEADER | 02044nem a2200421 a 4500 | ||
|---|---|---|---|
| 001 | 001349722 | ||
| 003 | CZ BrMZK | ||
| 005 | 20140923142837.0 | ||
| 007 | aj|canzn | ||
| 008 | 111208s1974 xo a 1| slo d | ||
| 034 | 1 | |a a |b 10000 |d E0174825 |e E0175051 |f N0483643 |g N0483334 | |
| 040 | |a BOA001 |b cze | ||
| 041 | 0 | |a slo |a rus |a eng |a ger | |
| 043 | |a e-xo--- | ||
| 072 | 7 | |a 913(437) |x Geografie Česka a Slovenska, reálie, cestování |2 Konspekt |9 7 | |
| 072 | 7 | |a 912 |x Mapy. Atlasy. Glóby |2 Konspekt |9 7 | |
| 080 | |a (437.6) |2 MRF | ||
| 080 | |a (084.3) |2 MRF | ||
| 110 | 2 | |a Slovenská kartografia |7 ko2003206561 |4 ctg |4 pbl |4 prt | |
| 245 | 1 | 0 | |a Piešťany |h [kartografický dokument] : |b orientačný plán / |c vydala, spracovala a vytlačila Slovenská kartografia, Bralislava ; zodpovedná redaktorka Mária Gogová ; technická redaktorka Zlata Sopková ; obálka a grafická úprava H. Hudáňová ; fotografie: Ľ. Absolon, E. Jurisa |
| 250 | |a 1. vyd. | ||
| 255 | |a Měřítko [1:10 000] |c (017°48´25" v.d.--017°50´51" v.d./048°36´43" s.š.--048°33´34" s.š.) | ||
| 260 | |a Bratislava : |b Slovenská kartografia, |c 1974 | ||
| 300 | |a 1 mapa : |b barev. ; |c 45 x 63 cm, složeno na 23 x 11 cm | ||
| 500 | |a Na rubové straně mapy rejstřík, text o městě v několika jazycích a adresář institucí a služeb |5 CZ-BrMZK | ||
| 546 | |a Souběžný slovenský, ruský, anglický a německý text | ||
| 655 | 7 | |a plány měst |7 fd133027 |2 czenas | |
| 651 | 7 | |a Piešťany (Slovensko) |7 ge130418 |2 czenas | |
| 700 | 1 | |a Gogová, Mária |4 pbd | |
| 700 | 1 | |a Sopková, Zlatica |4 red | |
| 700 | 1 | |a Hudáňová, Helena |4 dsr | |
| 700 | 1 | |a Absolon, Ľudovít, |d 1909-1988 |7 ola2002139818 |4 pht | |
| 700 | 1 | |a Jurisa, Eugen |7 xx0121419 |4 pht | |
| 910 | |a BOA001 |b Skř.9A-0908.814 |b Skř.9A-0720.120 | ||
| 990 | |a MP | ||
| 991 | |b 201311 | ||
| 996 | 6 | |b 2610575024 |c Skř.9A-0908.814 |l MZK |r Sklad / do 24 hodin |n 0 |w 001393276 |u 000010 |a 1 |e BOA001 |j MZK50 |s P | |
| 996 | 6 | |b 2619022579 |c Skř.9A-0720.120 |l MZK |r Sklad / do 24 hodin |n 0 |w 001393276 |u 000020 |a 1 |e BOA001 |j MZK50 |s P | |
English
Čeština 